000 00280nam a22001337a 4500
003 SGT
082 _a050
_bG23S
100 _aSHARAN, SANJAY
245 _aGRIHASTHA YOGI
260 _aINDIA
_bD.K. PRESS PUB
_c2023
300 _a132
650 _aGENERAL BOOKS
942 _2ddc
_cBK
999 _c27675
_d27675